000 00638nam a22002057a 4500
999 _c9816
_d9816
003 AR-CdUCM
008 190328b ||||| |||| 00| 0 spa d
040 _aMUNICIPALIDAD PROVINCIAL DEL CUSCO
_cBIBLIOTECA MUNICIPAL DEL CUSCO
082 _aC / 869.96 /
_bC68D
100 _aCofiño, Manuel
_925577
245 _aY un dia el sol es Juez /
260 _aCuba :
_bInstituto Cubano del Libro ,
_c1976.
300 _a140 páginas ;
_c17.8 cm.
500 _aPropiedad de Luis Nieto
650 _aLiteratura Cubana
_9668
650 _aLiteratura Centroamericana
_99614
650 _aPoesia Cubana
_9669
942 _2ddc
_cLIBROS
945 _artm